000 00715cab a2200229 4500
001 WB2635-33
008 090401t1990 xxu||||| |||| 00| 0 eng d
035 _a(Sirsi) u57412
041 _aeng
245 _aInner city policy chaos
260 _c1990
350 _a0
490 _aTimes
_v6/9/90 p5
520 _aAccording to a report by the House of Commons Public Accounts Committee on the regeneration of the inner cities , there are many organisations trying to solve the problem and insufficient liaison between them.
650 _aACTION FOR CITIES
650 _aCITY ACTION TEAMS
650 _aUDCS
650 _aURBAN PROGRAMME
690 _aURBAN RENEWAL
942 _n0
948 _c04/03/1997
999 _c35004
_d35004